000 00548 a2200169 4500
001 066533
003 OSt
005 20211001104840.0
008
082 _a822.33
_bS15M
100 1 _aShakespeare, William
245 1 _aA midsummer night's dream
_cby William Shakespeare
260 _aNew Delhi
_bPenguin
_c2005
300 _a128p.
690 _aShakespeare, William, 1564-1616; Greece--Athens; Fairy plays; Man-woman relationships; Courtship; Kings and rulers; English drama (Comedy); Love
942 _2ddc
_cBK
999 _c578
_d578